Surprise attack : (Record no. 551691)

000 -LEADER
fixed length control field 00663cam a2200205 a 4500
020 ## - INTERNATIONAL STANDARD BOOK NUMBER
International Standard Book Number 0815709293 (pbk.)
020 ## - INTERNATIONAL STANDARD BOOK NUMBER
International Standard Book Number 0815709307
082 00 - DEWEY DECIMAL CLASSIFICATION NUMBER
Classification number 355.43
Author Mark BET
-- L-40, P-06
100 1# - MAIN ENTRY--PERSONAL NAME
Personal name Betts, Richard K.,
9 (RLIN) 48827
245 10 - TITLE STATEMENT
Title Surprise attack :
Remainder of title lessons for defense planning /
Statement of responsibility, etc. Richard K. Betts.
260 ## - PUBLICATION, DISTRIBUTION, ETC.
Place of publication, distribution, etc. Washington, D.C. :
Name of publisher, distributor, etc. Brookings Institution,
Date of publication, distribution, etc. c1982.
300 ## - PHYSICAL DESCRIPTION
Extent xii, 318 p. ;
Dimensions 24 cm.
526 ## - STUDY PROGRAM INFORMATION NOTE
Program name 0
Interest level 0
Reading level 0
Title point value 355_430000000000000_BET
526 ## - STUDY PROGRAM INFORMATION NOTE
Program name 0
Interest level 0
Reading level 0
Title point value 355_430000000000000_BET
650 #0 - SUBJECT ADDED ENTRY--TOPICAL TERM
Topical term or geographic name entry element MCE.
9 (RLIN) 379
650 #0 - SUBJECT ADDED ENTRY--TOPICAL TERM
Topical term or geographic name entry element Military history, Modern
9 (RLIN) 36714
650 #0 - SUBJECT ADDED ENTRY--TOPICAL TERM
Topical term or geographic name entry element Strategy.
650 #0 - SUBJECT ADDED ENTRY--TOPICAL TERM
Topical term or geographic name entry element Surprise (Military science)
9 (RLIN) 47045
942 ## - ADDED ENTRY ELEMENTS (KOHA)
Source of classification or shelving scheme
Koha item type Book
Holdings
Withdrawn status Lost status Source of classification or shelving scheme Damaged status Not for loan Permanent Location Current Location Date acquired Total Checkouts Full call number Barcode Date last seen Price effective from Koha item type
          Military College of Engineering (MCE) Military College of Engineering (MCE) 12/24/2014   355.43 BET MCE-44011 12/24/2014 12/24/2014 Book
          Military College of Engineering (MCE) Military College of Engineering (MCE) 12/24/2014   355.43 BET MCE-44012 12/24/2014 12/24/2014 Book
© 2023 Central Library, National University of Sciences and Technology. All Rights Reserved.